Statistics for Roman Names of Modern Cities

Click here to take the quiz!

General Stats

  • This quiz has been taken 1,068 times
  • The average score is 21 of 50

Answer Stats

HintAnswer% Correct
RomaRomeItaly / Vatican
100%
NeapolisNaplesItaly
94%
PisaePisaItaly
90%
LondiniumLondonUnited Kingdom
86%
GenavaGenevaSwitzerland
77%
ByzantiumIstanbulTurkey
76%
NicaeaNiceFrance
74%
CordubaCórdobaSpain
71%
MassiliaMarseillesFrance
68%
MediolanumMilanItaly
68%
VindobonaViennaAustria
68%
LutetiaParisFrance
63%
Portus Herculis MonoeciMonaco (Monte Carlo / Monaco-Ville)Monaco
62%
OlisipoLisbonPortugal
60%
BonaBonnGermany
59%
AquincumBuda (Budapest)Hungary
59%
Aelia CapitolinaJerusalemIsrael / Palestinian Authority
59%
BerythusBeirutLebanon
57%
BasileaBaselSwitzerland
48%
Aquae SulisBathUnited Kingdom
47%
Portus CalePortoPortugal
46%
Colonia AgrippinensisCologneGermany
45%
SingidunumBelgradeSerbia
44%
BrundisiumBrindisiItaly
39%
SalonaSplitCroatia
39%
TuricumZurichSwitzerland
36%
EboracumYorkUnited Kingdom
35%
BurdigalaBordeauxFrance
34%
Colonia Iulia AemonaLjubljanaSlovenia
34%
PataviumPaduaItaly
26%
PanormusPalermoItaly
24%
GadesCádizSpain
23%
Carthago NovaCartagenaSpain
23%
Augusta TreverorumTrierGermany
22%
HispalisSevilleSpain
21%
ArelateArlesFrance
20%
AriminumRiminiItaly
18%
LugdunumLyonsFrance
16%
Oppidum NamurcumNamurBelgium
16%
DyrrhachiumDurrësAlbania
15%
CamulodunumColchesterUnited Kingdom
13%
GlevumGloucesterUnited Kingdom
11%
MogontiacumMainzGermany
10%
CaesaraugustaZaragozaSpain
10%
AquisgraniumAachenGermany
9%
Caesarea MaritimaCaesareaIsrael
8%
Mosae TraiectumMaastrichtNetherlands
8%
ArgentoratumStrasbourgFrance
7%
Ulpia Noviomagus BatavorumNijmegenNetherlands
6%
HadrumetumSousseTunisia
4%

Score Distribution

Percentile by Number Answered

Percent of People with Each Score

Your Score History

You have not taken this quiz